| 000 | 01350nam a2200301 a 4500 | ||
|---|---|---|---|
| 001 | ebr10667434 | ||
| 003 | CaPaEBR | ||
| 006 | m u | ||
| 007 | cr cn||||||||| | ||
| 008 | 130312s2013 njua sb 101 0 eng d | ||
| 020 | _z9781118605721 | ||
| 020 | _z9781118663073 (e-book) | ||
| 040 |
_aCaPaEBR _cCaPaEBR |
||
| 035 | _a(OCoLC)833046278 | ||
| 050 | 1 | 4 |
_aTN773 _b.M48 2013eb |
| 110 | 2 |
_aMetallurgical Society (U.S.). _bMeeting _d(2013 : _cSan Antonio, Tex.) |
|
| 245 | 1 | 0 |
_aLight metals 2013 _h[electronic resource] : _bproceedings of the symposia sponsored by the TMS Aluminum Committee at the TMS 2013 Annual Meeting & Exhibition : San Antonio, Texas, USA, March 3-7, 2013 / _cedited by Barry A. Sandler. |
| 260 |
_aHoboken, N.J. : _bWiley, _c2013. |
||
| 300 |
_axxviii, 1377 p. : _bill. |
||
| 490 | 0 |
_aLight metals, _x1096-9586 |
|
| 504 | _aIncludes bibliographical references and indexes. | ||
| 533 |
_aElectronic reproduction. _bPalo Alto, Calif. : _cebrary, _d2013. _nAvailable via World Wide Web. _nAccess may be limited to ebrary affiliated libraries. |
||
| 650 | 0 |
_aLight metals _vCongresses. |
|
| 655 | 7 |
_aElectronic books. _2local |
|
| 700 | 1 | _aSadler, Barry A. | |
| 710 | 2 | _aebrary, Inc. | |
| 856 | 4 | 0 |
_uhttp://site.ebrary.com/lib/rucke/Doc?id=10667434 _zAn electronic book accessible through the World Wide Web; click to view |
| 999 |
_c61370 _d61370 |
||